| 000 | 00560nam a2200157Ia 4500 | ||
|---|---|---|---|
| 008 | 230907s9999||||xx |||||||||||||| ||und|| | ||
| 082 |
_a621.3 _bSHA |
||
| 100 |
_aM. Altamash Shabbir (00000319845) _9116684 |
||
| 245 | 0 | _aAntireflection coatings based on La doped ZnO and Diamond-like carbon via wet-chemistry and vapor deposition methods for PV Applications / | |
| 260 |
_aUSPCAS-E, NUST, _bIslamabad : _c2022 |
||
| 300 | _axiii, 137 p. | ||
| 520 | _aTH-354 | ||
| 650 | _aMS-ESE Thesis MS Thesis | ||
| 700 |
_aDr. Zuhair S. Khan _928871 |
||
| 942 |
_cTHE _2ddc |
||
| 999 |
_c602032 _d602032 |
||